| 000 | 00742nam a22002057a 4500 | ||
|---|---|---|---|
| 005 | 20100820160041.0 | ||
| 010 | _aENG-101099 | ||
| 020 |
_a9788180641725 _c700.00 |
||
| 035 | _aEN-84632 | ||
| 037 | _bDBAD/PUB | ||
| 082 | _a954.08 | ||
| 100 |
_aRay, Aniruddha _923498 |
||
| 245 |
_aBareilly rising of 1857-1859 and the bengali babu / _cby Aniruddha Ray |
||
| 260 |
_aKolkata _bProgressive Publishers _c2010 |
||
| 270 |
_a37A College Street _bKolkata _e73 |
||
| 300 |
_a415p. _c25cm (Hb) _emaps |
||
| 500 | _aincludes bibliographical references | ||
| 942 |
_2ddc _cEN _h954.08 _mRAY |
||
| 999 |
_c42778 _d42778 |
||